|
|
|
|
| LEADER |
01427nam a2200289 a 4500 |
| 001 |
GR-MES4013 |
| 008 |
991111s gr 000 0 gre d |
| 020 |
|
|
|a 9602324112
|
| 040 |
|
|
|a GrPaTEI
|b gre
|c GR-PaULI
|
| 245 |
0 |
3 |
|a Το διεθνές δικαστήριο των Ηνωμένων Εθνών και η ανάγκη ενισχύσεως του ρόλου του εις την δικαστικήν διευθέτησιν των διεθνών διαφορών =
|b The international court of justice and the requirement for reinforcem ent its role in the judicial settlement of international disputes.
|
| 260 |
|
|
|a Αθήνα :
|b ΑΝΤ.Ν.Σάκκουλα,
|c [χ.ε.]
|
| 300 |
|
|
|a 298σελ.
|
| 500 |
|
|
|a Περιέχει βιβλιογραφία
|
| 650 |
|
4 |
|a ΑΝΘΡΩΠΙΝΑ ΔΙΚΑΙΩΜΑΤΑ
|
| 650 |
|
4 |
|a ΔΙΕΘΝΕΣ ΔΙΚΑΣΤΗΡΙΟ
|
| 650 |
|
4 |
|a Δίκαιο
|
| 650 |
|
4 |
|a ΔΙΚΑΙΩΜΑΤΑ
|
| 650 |
|
4 |
|a ΔΙΚΑΣΤΗΡΙΑ
|
| 650 |
|
4 |
|a ΗΝΩΜΕΝΑ ΕΘΝΗ
|
| 650 |
|
4 |
|a Ναυτικό Δίκαιο
|
| 650 |
|
4 |
|a Ο.Η.Ε.
|
| 700 |
1 |
|
|a Χορτάτος, Κ.
|
| 710 |
0 |
|
|a ΑΝΤ.Ν.Σάκκουλα
|
| 942 |
|
|
|2 ddc
|
| 952 |
|
|
|0 0
|1 0
|2 ddc
|4 0
|6 341_230000000000000_ΧΟΡ
|7 0
|9 268653
|a MSLG
|b MSLG
|c BSC
|d 2021-01-17
|e 24
|f 0
|g 0.00
|l 0
|o 341.23 ΧΟΡ
|p 2420000013350
|r 2021-01-17 00:00:00
|t 1
|w 2021-01-17
|y BK15
|x 19991111 0 1
|x GrPaTEI
|
| 971 |
|
|
|a .b25750598
|b 16-04-20
|c 13-09-16
|
| 999 |
|
|
|c 154828
|d 154828
|